000 00721nam a22002057a 4500
999 _c69654
_d69654
005 20221007160939.0
008 s2552 th f tha d
020 _a9786117057144
040 _aNALT
090 _aFIC
_bก892ด 2552
100 0 _aแก้วชวาลา
_97166
245 1 0 _aดวงใจโรม /
_cแก้วชวาลา.
250 _aพิมพ์ครั้งที่ 2
260 _aกรุงเทพฯ :
_bSimply Book - Love Novels,
_c2552
300 _a234 หน้า ;
_b
_c21 ซม.
650 4 _aนวนิยาย
_93785
850 _aNALT
942 _cFIC
_2local
_02
998 _j104
_k นางสาวสายฝน ดีงาม